Fundamentals of digital logic with VHDL design / (Record no. 921)

MARC details
000 -LEADER
fixed length control field 01477nam a22002417a 4500
005 - DATE AND TIME OF LATEST TRANSACTION
control field 20210414113941.0
008 - FIXED-LENGTH DATA ELEMENTS--GENERAL INFORMATION
fixed length control field 120517t xxu||||| |||| 00| 0 eng d
020 ## - INTERNATIONAL STANDARD BOOK NUMBER
International Standard Book Number 9780071268806
050 ## - LIBRARY OF CONGRESS CALL NUMBER
Classification number TK788.4.B76
100 ## - MAIN ENTRY--PERSONAL NAME
Personal name Brown, Stephen.
245 ## - TITLE STATEMENT
Title Fundamentals of digital logic with VHDL design /
Statement of responsibility, etc. Stephen Brown and Zvonko Vranesic.
250 ## - EDITION STATEMENT
Edition statement 3rd ed.
260 ## - PUBLICATION, DISTRIBUTION, ETC.
Place of publication, distribution, etc. Boston:
Name of publisher, distributor, etc. McGraw Hill,
Date of publication, distribution, etc. 2009.
300 ## - PHYSICAL DESCRIPTION
Extent xx, 939 p :
Other physical details ill., graph. ;
Dimensions 12 cm.
Accompanying material Darst + 1 CD-ROM.
500 ## - GENERAL NOTE
General note Includes index.
505 ## - FORMATTED CONTENTS NOTE
Formatted contents note Contents: Design concepts -- Introduction to logic circuits -- Implementation technology -- Optimized implementation of logic functions -- Number representation and arithmetic circuits -- Combinational-circuit building blocks -- Flip-flops, registers, counters, and a simple processor -- Synchronous sequential circuits -- Asynchronous sequential circuits -- Digital system design -- Testing of logic circuits -- Computer aided design tools -- Appendix A: VHDL reference -- Appendix B: Tutorial 1 - Using quartus II CAD Software -- Appendix C: Tutorial 2 - Implementing circuits in altera devices -- Appendix D: Tutorial 3 - Using quartus II tools -- Appendix E: Commercial devices - Answers.
650 ## - SUBJECT ADDED ENTRY--TOPICAL TERM
Source of heading or term .
Topical term or geographic name entry element Logic circuits
General subdivision Design and
650 ## - SUBJECT ADDED ENTRY--TOPICAL TERM
Topical term or geographic name entry element Construction
General subdivision Data processing.
650 ## - SUBJECT ADDED ENTRY--TOPICAL TERM
Topical term or geographic name entry element Logic design .
General subdivision Data processing.
650 ## - SUBJECT ADDED ENTRY--TOPICAL TERM
Topical term or geographic name entry element VHDL (Computer hardware description language)
700 ## - ADDED ENTRY--PERSONAL NAME
Personal name Zvonko, Vranesic.
942 ## - ADDED ENTRY ELEMENTS (KOHA)
Source of classification or shelving scheme Library of Congress Classification
Koha item type Books
Holdings
Withdrawn status Lost status Source of classification or shelving scheme Damaged status Not for loan Home library Current library Shelving location Date acquired Total Checkouts Full call number Barcode Date last seen Copy number Price effective from Koha item type
    Library of Congress Classification     WISCONSIN INTERNATIONAL UNIVERSITY COLLEGE, GHANA - MAIN LIBRARY WISCONSIN INTERNATIONAL UNIVERSITY COLLEGE, GHANA - MAIN LIBRARY Reference 17/05/2012   TK788.4.B76 1894/12 17/05/2012 1 17/05/2012 Books

If you have any concerns or questions; kindly contact the library


© Powered by WIUC ICT DIRECTORATE